000 00453nam a22001097a 4500
082 _a080
100 _aअग्रवाल,डॉ. विजय
_983694
245 _aUPSCप्रीलिम्‍स ऐसे होगा कैक TOPPERS की जीत का फाॅर्मूला
260 _aभोपाल
_bबेन्‍तेन बुक्‍स
_c2026
650 _aसामान्‍यवर्ग
_948646
942 _cHIN
999 _c68645
_d68645